01054 a2200193 45000010006000000050017000060080041000230030015000640400040000790800033001192450029001520200018001812640041001993000019002405050457002590410008007161000037007248560099007614810520260407155747.0260407a1999 arg spa dAR-UNSa-BCEJYS aAR-UNSa-BCEJYSbspacAR-UNSa-BCEJYS a330.101.541xMacroeconomía10aMacroeconomía superior a84-368-1345-6 1aMadrid :bEdiciones Pirámidec1999 a371 p.c24 cm. aPARTE PRIMERA: La economía real: 1. Consumo - 2. Inversión - 3. Crecimiento económico - 4. Mercado de trabajo -- PARTE SEGUNDA: Los ciclos económicos: El ciclo económico de origen real: 5. El ciclo económico de origen real - 6. Ciclos económicos causados por rigideces nominales -- PARTE TERCERA: La economía monetaria: 7. La demanda de dinero y sus aplicaciones - 8. Los enfoques institucional y contractual de la política monetaria. aspa1 aGarcía de Paso, José Isidoro41uhttps://www.biblioeco.unsa.edu.ar/pmb/images/libros/L127839.jpgyImagen de portadaqimage/jpeg